|
|
|
|
| LEADER |
01645nam a2200385 a 4500 |
| 008 |
090729s2006 njua s 001 0 eng d |
| 020 |
|
|
|a 0911910182
|
| 020 |
|
|
|a 9788131205907
|
| 020 |
|
|
|a 8131205908
|
| 040 |
|
|
|a FHM
|c FHM
|d OCLCQ
|d N@F
|d INU
|d DLC
|
| 082 |
0 |
|
|a 615.5/8/05
|2 22
|
| 245 |
0 |
4 |
|a The Merck manual of diagnosis and therapy /
|c editors, Mark H. Beers, Robert S. Porter, Thomas V. Jones, Justin L. Kaplan and Michael Barkwits.
|
| 250 |
|
|
|a 18th ed.
|
| 260 |
|
|
|a Whitehouse Station, NJ :
|b Merck,
|c c2006.
|
| 504 |
|
|
|a Includes index.
|
| 541 |
1 |
|
|e 00018897
|
| 650 |
|
0 |
|a Medicine
|v Handbooks, manuals, etc.
|
| 650 |
0 |
2 |
|a Diagnosis
|v Handbooks.
|
| 650 |
0 |
2 |
|a Drug Therapy
|v Handbooks.
|
| 650 |
1 |
7 |
|a Diagnostiek.
|2 gtt
|
| 650 |
1 |
7 |
|a Therapieën.
|2 gtt
|
| 650 |
1 |
7 |
|a Diagnose.
|2 gtt
|
| 700 |
1 |
|
|a Beers, Mark H.
|
| 700 |
1 |
|
|a Porter, Robert S.
|
| 700 |
1 |
|
|a Jones, Thomas V.
|
| 700 |
1 |
|
|a Kaplan, Justin L.
|
| 700 |
1 |
|
|a Barkwits, Michael
|
| 710 |
2 |
|
|a Merck & Co.
|
| 710 |
2 |
|
|a Merck Sharp & Dohme.
|
| 710 |
2 |
|
|a Merck Research Laboratories.
|
| 852 |
4 |
|
|a Ayesha Abed Library
|j General shelf
|
| 999 |
|
|
|c 3773
|d 3773
|
| 952 |
|
|
|0 0
|1 0
|2 ddc
|4 0
|6 615_580500000000000_MER_2006
|7 0
|9 3426
|a BRACUL
|b BRACUL
|c GEN
|d 2009-09-03
|l 3
|m 74
|o 615.5805 MER
|p 3010018895
|r 2017-01-10
|s 2016-09-22
|t 1
|w 2009-09-03
|y BK
|
| 952 |
|
|
|0 0
|1 0
|2 ddc
|4 0
|6 615_580500000000000_MER_2006
|7 0
|9 11567
|a BRACUL
|b BRACUL
|c GEN
|d 2010-07-06
|l 0
|o 615.5805 MER
|p 3010018897
|r 2010-07-06
|t 2
|w 2010-07-06
|y BK
|
| 952 |
|
|
|0 0
|1 0
|2 ddc
|4 0
|6 615_500000000000000_8_05_MER_2006
|7 0
|9 11573
|a BRACUL
|b BRACUL
|c GEN
|d 2010-07-07
|l 1
|m 28
|o 615.5805 MER
|p 3010018896
|r 2016-08-12
|s 2016-01-25
|t 3
|w 2010-07-07
|y BK
|